[Event "Rio de Janeiro CMIL op"]
[Site "Rio de Janeiro"]
[Date "2015.12.03"]
[Round "5"]
[White "Mendes Filho, Jose Paschoal"]
[Black "Da Silva, Celso Joao Dias"]
[Result "1-0"]
[WhiteElo "1883"]
[BlackElo "1900"]
[PlyCount "77"]
[EventDate "2015.11.19"]
[EventType "swiss"]
[EventRounds "6"]
[EventCountry "BRA"]
[SourceTitle "CBM 170 Extra"]
[Source "ChessBase"]
[SourceDate "2016.02.25"]
[SourceVersion "1"]
[SourceVersionDate "2016.02.25"]
[SourceQuality "1"]

1. b3 e5 2. Bb2 Nc6 3. c4 Nf6 4. e3 d5 5. cxd5 Nxd5 6. Nf3 Qf6 7. a3 Bd6 8. Nc3 Nxc3 9. Bxc3 Be6 10. Bb5 Bd7 11. 0-0 Bg4 12. Be2 Qe7 13. d4 Bxf3 14. Bxf3 e4 15. Be2 0-0 16. b4 a6 17. Qd2 Rad8 18. f4 f5 19. Bc4+ Kh8 20. Qf2 b5 21. Bb3 Nb8 22. Qg3 Nd7 23. h4 Nf6 24. d5 Ng4 25. Bd1 h5 26. Bxg4 hxg4 27. h5 Qf7 28. h6 Qh5 29. hxg7+ Kg8 30. gxf8Q+ Rxf8 31. Kf2 Kf7 32. Rh1 Qg6 33. Rh8 Be7 34. Rxf8+ Kxf8 35. Rh1 Ke8 36. Qh2 Qf7 37. Qh5 Bd6 38. Qxf7+ Kxf7 39. Be5 1-0